LEADER 03066nam0 2200697 450 001 000012477 005 20081022082709.0 100 $a20080609d1978----km-y0itay50------ba 101 0 $aita 102 $aIT 105 $ay-------001yy 200 1 $aOccupazione e capacitą produttive$econfronti internazionali$ericerche di economia applicata del gruppo di Ancona$f[a cura di Pietro Alessandrini] 210 $aBologna$cIl Mulino$d1978 215 $a6 v.$d22 cm 225 2 $aStudi e ricerche$v8 327 1 $a1.: Lavoro regolare e lavoro nero / saggi di M. Ioly, G. Canullo, M. G. Montanari$a2.: Struttura della forza lavoro e sviluppo economico / saggi di Lorenzo Robotti e Giorgio Galeazzi$a3.: Conflittualitą e aspetti normativi del lavoro / saggi di M. Benetti ... [et al.]$a4.: Costo del lavoro e occupazione / saggi di R. Schiattarella e G. Canullo$a5.: Retribuzioni, produttivitą e prezzi / saggi di R. Mazzoni ... [et al.]$a6.: Specializzazione e competitivitą internazionale dell'Italia / saggi di Giuliano Conti ... [et al.] 410 0$12001$aStudi e ricerche$v78 500 10$aOccupazione e capacitą produttive$957688 517 1 $aRicerche di economia applicata del Gruppo di Ancona su "Occupazione e capacita produttive: confronti internazionali". 610 1 $aLavoro 610 1 $aLavoro nero 610 1 $aProduttivitą 610 1 $aOrario di lavoro$aNorme contrattuali$aAnalisi comparata$aSciopero$aStatistiche nazionali e internazionali$aMetodi di rilevamento 610 1 $aAziende$aPersonale$aVincoli 610 1 $aLicenziamento collettivo$aLegislazione$aAnalisi comparata Licenziamento individuale$aLegislazione$aAnalisi comparata 610 1 $aMercato del lavoro 676 $a331$v18$9Economia del lavoro 676 $a331$v19$9Economia del lavoro 676 $a331.1$v19$9Forza lavoro e mercato del lavoro 676 $a331.1$v21$9Forze di lavoro e mercato del lavoro 676 $a331.2$v19$9Salari ed altre condizioni di occupazione 702 1$aAlessandrini,$bPietro 702 1$aJoly,$bMirella 702 1$aMontanari,$bMaria Grazia 702 1$aRobotti,$bLorenzo 702 1$aGaleazzi,$bGiorgio 702 1$aBenetti,$bMaurizio 702 1$aCanullo,$bGiuseppe 702 1$aSchiattarella,$bRoberto 702 1$aConti,$bGiuliano 702 1$aMazzoni,$bRiccardo 801 0$aIT$bUNIPARTHENOPE$c20080609$gRICA$2UNIMARC 912 $a000012477 951 $a824/29$b5677$cNAVA2 951 $a126/23$b5563$cNAVA2 951 $a821/16$b5602$cNAVA2 951 $a821/22$b416$cNAVA2 951 $a126/23$b5298$cNAVA2 951 $a126/23$b5487$cNAVA2 951 $a822/1$b5603$cNAVA2 951 $a821/14$b5380$cNAVA2 951 $a126/24$b5476$cNAVA2 951 $a824/26$b5605$cNAVA2 951 $a821/14$b5468$cNAVA2 951 $a126/24$b5299$cNAVA2 951 $a126/24$b5564$cNAVA2 951 $a824/27$b5615$cNAVA2 951 $a126/24$b5488$cNAVA2 951 $a126/27$b5606$cNAVA2 996 $aOccupazione e capacitą produttive$957688 997 $aUNIPARTHENOPE LEADER 04180nam 22006135 450 001 9910484577403321 005 20200920015202.0 010 $a3-662-43853-4 024 7 $a10.1007/978-3-662-43853-4 035 $a(CKB)3710000000218700 035 $a(EBL)1802903 035 $a(SSID)ssj0001338874 035 $a(PQKBManifestationID)11796898 035 $a(PQKBTitleCode)TC0001338874 035 $a(PQKBWorkID)11344559 035 $a(PQKB)10098310 035 $a(MiAaPQ)EBC1802903 035 $a(DE-He213)978-3-662-43853-4 035 $a(PPN)180625268 035 $a(EXLCZ)993710000000218700 100 $a20140807d2014 u| 0 101 0 $aeng 135 $aur|n|---||||| 181 $ctxt 182 $cc 183 $acr 200 10$aTo Build a Harmonious World $eIdeal of Traditional Chinese Thinking /$fby Baoxu Zhao 205 $a1st ed. 2014. 210 1$aBerlin, Heidelberg :$cSpringer Berlin Heidelberg :$cImprint: Springer,$d2014. 215 $a1 online resource (128 p.) 225 1 $aChina Academic Library,$x2195-1853 300 $aDescription based upon print version of record. 311 $a1-322-17302-8 311 $a3-662-43852-6 327 $aTo Build a Harmonious World: Ideal of Traditional Chinese Thinking -- The Prospects for China -- The Socialist Market Economy: An Important Breakthrough -- The Revival of Political Science in China -- Causes and Consequences of the Cultural Revolution -- Political Transition: From ?the Rule of Man? to ?the Rule of Law? -- Political Science Studies in Contemporary China -- ?Revolution? and ?Development??A Comparative Study of Chinese Diplomacy in the Mao Zedong Era and in the Deng Xiaoping Era -- Sino-American Relations: A Long View -- Prosperity of Chinese Buddhism and Its Contributions to World Peace -- On ?Buddhism of Human Society? -- Foreword to the Chinese Version of A. Doak Barnett?s China?s Far West: Four Decades of Change -- Preface to the Collection of Scalapino?s Lectures -- Ch?ien Tuan Sheng: A Patriotic Scholar -- Professor Wang Tieya As I Know Him. . 330 $aThis book collects the work of Zhao Baoxu, a prominent scholar of political science, international political scientist and educator. It features more than 14 papers that fully explore the political thoughts of Professor Zhao, who was deeply rooted in his concern for China, its people and the world. Going through the vicissitudes in both the 20th and the 21st centuries, Mr. Zhao witnessed and experienced the twists and turns in the birth and development of political science in China. He also participated and promoted the restoration and advancement of contemporary political science in China. Roaming widely in the studies on social science, philosophy, politics, culture and international relations, he spared no effort to explore the political nature and development trend of human society and the path to rejuvenate China and lead the nation towards a high level of civilization. In addition, he ardently appealed for world peace and common development. Inside this book, readers will discover rich and profound political thoughts, intellectual treasures in the area of social culture and political science in China. Professor Zhao?s work offers scholars a unique insight into understanding and grasping the history and development of socialism with Chinese characteristics. 410 0$aChina Academic Library,$x2195-1853 606 $aPolitical science 606 $aPolitical science 606 $aPolitical Theory$3https://scigraph.springernature.com/ontologies/product-market-codes/911010 606 $aPolitical Science$3https://scigraph.springernature.com/ontologies/product-market-codes/911000 615 0$aPolitical science. 615 0$aPolitical science. 615 14$aPolitical Theory. 615 24$aPolitical Science. 676 $a306.20951 700 $aZhao$b Baoxu$4aut$4http://id.loc.gov/vocabulary/relators/aut$01227760 801 0$bMiAaPQ 801 1$bMiAaPQ 801 2$bMiAaPQ 906 $aBOOK 912 $a9910484577403321 996 $aTo Build a Harmonious World$92850677 997 $aUNINA